[Event "Dvorkovich Memorial op"]
[White "Medvedev, Matvey"]
[Black "Chernykh, Daniil"]
[Site "Taganrog"]
[Round "4"]
[Result "1-0"]
[Date "2018.01.18"]
[WhiteElo "1823"]
[BlackElo "1469"]
[PlyCount "65"]
[EventDate "2018.01.15"]
[EventType "swiss"]
[EventRounds "9"]
[EventCountry "RUS"]
[SourceTitle "CBM 182 Extra"]
[Source "ChessBase"]
[SourceDate "2018.02.23"]
[SourceVersion "1"]
[SourceVersionDate "2018.02.23"]
[SourceQuality "1"]

1. e4 c5 2. Nf3 e6 3. d4 cxd4 4. Nxd4 a6 5. c4 Nf6 6. Nc3 Bb4 7. Bd3 Nc6 8. Nxc6 dxc6 9. 0-0 0-0 10. e5 Nd7 11. f4 Nc5 12. Bc2 Bxc3 13. bxc3 b5 14. Ba3 Nd7 15. Bxf8 Qxf8 16. cxb5 cxb5 17. Qd3 g6 18. Rad1 Ra7 19. Rd2 Rc7 20. Qe3 Bb7 21. Rfd1 Bc6 22. Rd6 Qc8 23. Be4 Nf8 24. Bxc6 Rxc6 25. Rd8 Qc7 26. R8d3 Rc4 27. Kh1 Ra4 28. Qd2 Rc4 29. Rb1 Qc5 30. Rb4 Rxb4 31. cxb4 Qc4 32. h3 Qe4 33. Rd6 1-0